Hello in 15 Languages! - Statistics

General Stats
  • This quiz has been taken 8,914 times
    8,913 since last reset
  • The average score is 10 of 15
Answer Stats
Hint Answer % Correct
Hola Spanish
99%
Bonjour French
98%
Ni hao Chinese
96%
Guten tag German
96%
Kon-nichiwa Japanese
96%
Ciao Italian
95%
Privet Russian
77%
Namaste Hindi
72%
Shalom Hebrew
71%
Ola Portuguese
69%
Ahalan Arabic
54%
Jambo Swahili
36%
Geia sou Greek
30%
Saluton Esperanto
15%
Vitayu Ukrainian
15%
No matching quizzes found
Score Distribution
Percent of People with Each Score
Percentile by Number Answered
Your Score History
You have not taken this quiz since the last reset